01004nam a2200241 i 4500001000300000003000900003005001700012008003900029015001700068040003500085080001300120245018200133260005600315300006200371380001700433504002600450650001400476700003800490710004200528700004600570700004800616856009800664bgKOSZ 00520220901083043.0990506s1962 pl a g 000 0 pol aPB 1963/3287 aWA NcKOSZ 005/RWdKOSZ 005/RW a913(100)00aGeografia powszechna.nT. 1,pZiemia - środowisko naturalne człowieka /cprzewodniczący kom. red. August Zierhoffer ; red. Adam Malicki ; red. kartogr. Franciszek Uhorczak. aWarszawa :bPaństwowe Wydawnictwo Naukowe,c1962. a469, [3] s., [32] k. tabl. :bil., portr., err. ;c30 cm. aKsiążki. aBibliogr. przy rozdz. 4aGeografia1 aMalicki, Adamd(1907-1981).eRed.2 aPaństwowe Wydawnictwo Naukowe4pbl.1 aZierhoffer, Augustd(1893-1969)eRedakcja1 aUhorczak, Franciszekd(1902-1981)eRedakcja uhttp://koha.tu.koszalin.pl/cgi-bin/koha/opac-detail.pl?biblionumber=11007yKatalog online BPK